¿Dónde está Nebe? (Record no. 72513)

MARC details
000 -LEADER
campo de control de longitud fija 00607nam a2200181 i 4500
001 - NÚMERO DE CONTROL
campo de control 72513
003 - IDENTIFICADOR DE NÚMERO DE CONTROL
campo de control ES-MaACL
005 - FECHA Y HORA DE LA ÚLTIMA TRANSACCIÓN
campo de control 20230906171446.0
007 - CAMPO FIJO DE DESCRIPCIÓN FÍSICA--INFORMACIÓN GENERAL
campo de control de longitud fija t|
008 - DATOS DE LONGITUD FIJA--INFORMACIÓN GENERAL
campo de control de longitud fija 040901s1970 sp ||||1| spa d
100 1# - ENTRADA PRINCIPAL--NOMBRE DE PERSONA
Nombre de persona Gisevius, Hans Bernad.
9 (RLIN) 57341
245 11 - MENCIÓN DEL TÍTULO
Título ¿Dónde está Nebe?
Resto del título : vida y muerte del jefe de la policía criminal del III Reich /
Mención de responsabilidad, etc. Hans Bernad Gisevius ; [versión Carmen Soler Blanch].
250 ## - MENCION DE EDICION
Mención de edición [1ª ed.].
260 ## - PUBLICACIÓN, DISTRIBUCIÓN, ETC.
Lugar de publicación, distribución, etc. Barcelona :
Nombre del editor, distribuidor, etc. Caralt,
Fecha de publicación, distribución, etc. [1970] (
Fabricante Condal)
300 ## - DESCRIPCIÓN FÍSICA
Extensión 288 p. ;
Dimensiones 20 cm.
700 1# - ENTRADA AGREGADA--NOMBRE PERSONAL
Nombre de persona Soler Blanch, Carmen.
9 (RLIN) 107168
852 ## - LOCALIZACIÓN
Ubicación ES-MaACL
Número de control de estantería C-39193
Sublocalización o colección R.79230
Holdings
Estatus retirado Estado de pérdida Estado de daño No para préstamo Biblioteca de origen Biblioteca actual Ubicación en estantería Fecha de adquisición Fuente de adquisición Total de préstamos Signatura topográfica completa Código de barras Visto por última vez Precio de reemplazo Tipo de ítem Koha
        Biblioteca del Ateneo de Madrid Biblioteca del Ateneo de Madrid Depósito 2 17/01/2008     C-39193 1075913 23/02/2023 23/02/2023 Libro impreso